The comparative study of foreign policy : (Record no. 42767)
[ view plain ]
| 000 -LEADER | |
|---|---|
| fixed length control field | 00930nam a2200277 a 4500 |
| 001 - CONTROL NUMBER | |
| control field | 42767 |
| 003 - CONTROL NUMBER IDENTIFIER | |
| rucl marc code | BD-RjUL |
| 005 - DATE AND TIME OF LATEST TRANSACTION | |
| control field | 20211209053605.0 |
| 008 - FIXED-LENGTH DATA ELEMENTS--GENERAL INFORMATION | |
| fixed length control field | 160615s1973 caua 001 0 eng d |
| 020 ## - INTERNATIONAL STANDARD BOOK NUMBER | |
| International Standard Book Number | 0803902581 |
| International Standard Book Number | 0803902077 (pbk.) |
| 035 ## - SYSTEM CONTROL NUMBER | |
| System control number | (BD-RjUL)42885 |
| 040 ## - CATALOGING SOURCE | |
| Original cataloging agency | DLC |
| Transcribing agency | DLC |
| Modifying agency | EQO |
| -- | BD-RjUL |
| Language of cataloging | eng |
| 041 ## - LANGUAGE CODE | |
| Language code of text/sound track or separate title | eng |
| 082 ## - DEWEY DECIMAL CLASSIFICATION NUMBER | |
| Classification number | 327.072 |
| Edition number | 23 |
| Author mark and year | MCC 1973 |
| 100 1# - MAIN ENTRY--PERSONAL NAME | |
| Personal name | McGowan, Patrick J. |
| 9 (RLIN) | 131438 |
| 245 14 - TITLE STATEMENT | |
| Title | The comparative study of foreign policy : |
| Remainder of title | a survey of scientific findings / |
| Statement of responsibility, etc. | Patrick J. McGowan and Howard B. Shapiro. |
| 260 ## - PUBLICATION, DISTRIBUTION, ETC. (IMPRINT) | |
| Place of publication, distribution, etc. | Beverly Hills : |
| Name of publisher, distributor, etc. | Sage Publications, |
| Date of publication, distribution, etc. | c1973. |
| 300 ## - PHYSICAL DESCRIPTION | |
| Pagination | 256 p. : |
| Illustrations | illus. ; |
| Size | 22 cm. |
| 490 1# - SERIES STATEMENT | |
| Series statement | Sage library of social research ; |
| Volume/sequential designation | v. 4 |
| 504 ## - BIBLIOGRAPHY, ETC. NOTE | |
| Bibliography, etc | Includes index. |
| 650 #0 - SUBJECT ADDED ENTRY--TOPICAL TERM | |
| Topical term or geographic name as entry element | International relations |
| General subdivision | Research. |
| 9 (RLIN) | 128885 |
| 700 1# - ADDED ENTRY--PERSONAL NAME | |
| Personal name | Shapiro, Howard B. |
| 830 #0 - SERIES ADDED ENTRY--UNIFORM TITLE | |
| Uniform title | Sage library of social research ; |
| Volume number/sequential designation | v. 4 |
| 942 ## - ADDED ENTRY ELEMENTS (KOHA) | |
| Source of classification or shelving scheme | Dewey Decimal Classification |
| Koha item type | Books |
| Lost status | Source of classification or shelving scheme | Damaged status | Not for loan | Collection code | Permanent Location | Current Location | Shelving location | Date acquired | Source of acquisition | Total Checkouts | Full call number | Date last seen | Copy number | Koha item type |
|---|---|---|---|---|---|---|---|---|---|---|---|---|---|---|
| Dewey Decimal Classification | Not For Loan | Non-fiction | Central Library, University of Rajshahi | Central Library, University of Rajshahi | Reading Room | 15/06/1983 | Asia Foundation, U.S.A. | 327.072 MCC 1973 | 15/06/2016 | C-1 | Books |